000
00320nam a2200121 a 4500
005
20140414131923.0
008
101023s19uu xx 00 eng d
050
_a
ER
_b
H83 2000
100
_a
Yolen, Jane
245
_a
How do dinosaurs say good night?.
260
_a
New York :
_b
Blue sky press,
_c
2000.
999
_c
111836
_d
111836